00476nam a22001457a 4500003000500000038001800005082000800023100002800031245008800059264003500147300002400182650003200206700003500238856005700273NUST aNusrat Nadeem a200 aGhafoor, Muhammad Rehan aDetection of Panic Attacks Using Machine Learning Models/cMuhammad Rehan Ghafoor,  aIslamabad;bSEECS NUST;c2024. a71,p;bill;c30,cm. aMS- Information Technology  aSupervisor: Dr. Farzana Jabeen uhttp://10.250.8.41:8080/xmlui/handle/123456789/45340